000
00293nam a22001217a 4500
020
_a
0-07-035338-7
082
_a
004.145 KOR'M
100
_a
KORN, G.A
_9
75371
245
_a
MINI COMPUTERS FOR ENGINEERS AND SCIENTISTS
260
_a
NEWYORK
_b
MCGRAW HILL
_c
1973
300
_a
303P
942
_c
BK
999
_c
584048
_d
584048